000
00307nam a22001337a 4500
008
181106b xxu||||| |||| 00| 0 eng d
020
_a
9780205822904
041
_a
eng
080
_a
370
100
_a
48
101
_a
EDU
245
_a
Crossroada Integrated Reading And Writing
_c
Pam.G
942
_2
udc
_c
BK
999
_c
51965
_d
51965